| 000 | 00421nam a2200145Ia 4500 | ||
|---|---|---|---|
| 008 | 220217s9999||||xx |||||||||||||| ||und|| | ||
| 020 | _a81-317-1493-4 | ||
| 082 | _a004.67 STE | ||
| 100 |
_aStevens, Perdita _95558 |
||
| 245 | 0 | _aUsing UML software engineering with object and components | |
| 250 | _a2nd | ||
| 260 |
_aPearson education asia _bNew Delhi _c2007 |
||
| 300 | _b225 | ||
| 650 | _aPROGRAMMING LANGUAGE | ||
| 999 |
_c176572 _d176572 |
||